LEADER 01110nam0-22003131i-450- 001 990001470930403321 005 20040727081250.0 035 $a000147093 035 $aFED01000147093 035 $a(Aleph)000147093FED01 035 $a000147093 100 $a20010214d1990----km-y0itay50------ba 101 0 $aita 102 $aIT 105 $aa---a---001yy 200 1 $aAtti del convegno "Metodologie e tecniche ecofisiologiche negli studi sulla produttivitā primaria degli ecosistemi terrestri"$fSocietā italiana di ecologia$ga cura di Ervedo Giordano, Marco Borghetti ...[et al.] 210 $aParma$cEdizioni Zara$d1990 215 $a165 p.$cill.$d30 cm 610 0 $aEcologia 702 1$aBorghetti,$bMarco 702 1$aGiordano,$bErvedo 710 02$aSocietā italiana di ecologia$0150812 801 0$aIT$bUNINA$gRICA$2UNIMARC 901 $aBK 912 $a990001470930403321 952 $a6 IV 40 (9$b883$fDBV 959 $aDBV 996 $aAtti del convegno "Metodologie e tecniche ecofisiologiche negli studi sulla produttivitā primaria degli ecosistemi terrestri"$9378516 997 $aUNINA LEADER 00899nam0 22002531i 450 001 UON00318566 005 20231205104130.320 100 $a20081216d1924 |0itac50 ba 101 $aita 102 $aRO 105 $a|||| ||||| 200 1 $aRecensii$fde G. D. Serra 205 $aCluj : Institut de arte grafice Ardealul$b1924 210 $aP. 944-966$a24 cm 215 $aEstr. da: Dacoromania, anul 3. (1924) 620 $dCluj$3UONL002646 700 1$aSerra$bGiandomenico$3UONV063109$0172516 712 $aInstitut de arte grafice Ardealul$3UONV278059$4650 801 $aIT$bSOL$c20250627$gRICA 899 $aSIBA - SISTEMA BIBLIOTECARIO DI ATENEO$2UONSI 912 $aUON00318566 950 $aSIBA - SISTEMA BIBLIOTECARIO DI ATENEO$dSI 27 077 $eSI MR 63640 7 077 996 $aRecensii$91372674 997 $aUNIOR